000 00501nam a22001577a 4500
003 OSt
008 260703b |||||||| |||| 00| 0 eng d
020 _a9789358873016
082 _a631.416
_bN19S
100 _aNaorem, Anandkumar
245 _aSoil Salinity and Alkalinity/by Anandkumar Naorem
260 _aNew Delhi :
_bNew India Publishing Agency,
_c2025.
300 _aviii, 141 p.
650 _aAgriculture and related technologies | Soil science | Salinity and alkalinity
942 _2ddc
_cBK
999 _c52612
_d52612